Statistiques concernant Intercommunalité de l'Aveyron

Cliquez ici pour prendre le quiz!

Statistiques générales

  • Ce quiz a été pris 25 fois
  • Le résultat moyen est 9 sur 19

Statistiques - réponses

Nombre de communesIntercommunalités% Correct
08Rodez Agglomération
100%
15 (dont 1 en Lozère)Communauté de communes de Millau Grands Causses
96%
12Communauté de communes Decazeville Communauté
91%
29 (dont 2 dans le Lot)Ouest Aveyron Communauté
87%
21Communauté de communes Comtal Lot et Truyère
57%
23Communauté de communes Pays Ségali
52%
12Communauté de communes Conques-Marcillac
48%
17Communauté de communes Des Causses à l'Aubrac
48%
07Communauté de communes Aveyron Bas Ségala Viaur
39%
10Communauté de communes de Lévézou Pareloup
39%
21Communauté de communes Aubrac, Carladez et Viadène
35%
11Communauté de communes du Réquistanais
35%
08Communauté de communes du Pays Rignacois
30%
13Communauté de communes du Plateau de Montbazens
30%
14Communauté de communes Saint Affricain, Roquefort, Sept Vallons
30%
13Communauté de communes de la Muse et des Raspes du Tarn
26%
09Communauté de communes du Pays de Salars
26%
16Communauté de communes Larzac et Vallées
26%
23Communauté de communes Monts, Rance et Rougier
26%

Distribution des résultats

Percentile par nombre de réponses

% des personnes avec chaque résultat

Votre développement - résultats

Vous n’avez pas pris ce quiz